Features of Japan on a map - Statistics

General Stats
  • This quiz has been taken 238 times
  • The average score is 16 of 18
Answers on the Map
Answers color-coded by a green-red scale on the quiz's map according to % correct below.
 
Answer Stats
Hint Answer % Correct
Biggest cities Tokyo
99%
Atomic bombings of ____ Hiroshima
98%
Atomic bombings of ____ Nagasaki
97%
Biggest cities Osaka
96%
Mountain Mount Fuji
95%
Closest countries Russia
94%
Closest countries South Korea
94%
4 main islands Hokkaido
92%
Closest countries North Korea
91%
Capital from 794 to 1868 Kyoto
90%
Closest countries Taiwan
90%
4 main islands Honshu
88%
Biggest cities Nagoya
86%
Biggest cities Sapporo
84%
4 main islands Kyushu
81%
Biggest cities Yokohama
78%
4 main islands Shikoku
69%
Castle Himeji Castle
36%
No matching quizzes found
Score Distribution
Percent of People with Each Score
Percentile by Number Answered
Your Score History
You have not taken this quiz